| 000 | 00802cam a22002411 4500 | ||
|---|---|---|---|
| 001 | af 47003745 | ||
| 003 | DLC | ||
| 005 | 20260227110821.0 | ||
| 008 | 911113s1944 it 000 0 ita c | ||
| 010 | _aaf 47003745 | ||
| 035 | _a(OCoLC)24776938 | ||
| 040 |
_aHarvard univ. Library _cCU _dCU _dDLC |
||
| 042 | _apremarc | ||
| 050 | 0 | 0 |
_aDG575.B8 _bN4 |
| 100 | 1 |
_aNenni, Pietro, _d1891-1980. |
|
| 245 | 1 | 0 |
_aCosa avrebbe detto Bruno Buozzi. _c(Discorso tenuto da Pietro Nenni ... al Teatro Adriano di Roma il 4 luglio 1944 ...) |
| 260 |
_a[Roma, _bCasa editrice "Avanti!" _c1944?] |
||
| 300 |
_a15, [1] p. _c19 cm. |
||
| 440 | 0 |
_aBiblioteca di propaganda socialista, _vn. 1 |
|
| 500 | _aPortrait on p. [2] of cover. | ||
| 500 | _aText on p. [2]-[3] of cover. | ||
| 600 | 1 | 0 |
_aBuozzi, Bruno, _d1881-1944. |
| 999 |
_c2310 _d2310 |
||